000 00691nam a2200289Ia 4500
005 20260324130445.0
008 008 260324s9999 xx 000 0 eng d
020 _a9780429092268
037 _aEBOOK
040 _aCRL
040 _beng
040 _cCRL
041 _2eng
041 _aeng
084 _qCRL
100 _aGiles David Moss
_91181852
245 0 _aPharmaceuticals-Where's the Brand Logic?
245 0 _bBranding Lessons and Strategy
260 _bTaylor and Francis
260 _c2007
365 _a
365 _b320
856 _uhttp://www.taylorfrancis.com/books/9780429092268
942 _cEBOOK
999 _c1778038
_d1778038